Statistics for Guess the lyrics 2020s #1

Click here to take the quiz!

General Stats

  • This quiz has been taken 119 times
  • The average score is 214 of 400

Answer Stats

Answer% Correct
I
99%
a
96%
the
95%
you?
92%
you,
92%
you
92%
You
92%
to
85%
and
83%
And
83%
me,
82%
me
82%
do
80%
be
76%
we
76%
who
76%
when
75%
on
74%
it
70%
in
68%
can
66%
what
66%
is
65%
like
65%
Like
65%
my
65%
Your
65%
your
65%
for
63%
that
63%
that?
63%
that,
63%
of
61%
if
60%
If
60%
want
60%
so
59%
not
58%
you're
57%
You're
57%
don't
56%
I'm
56%
know
55%
there
54%
too
53%
she
52%
all
51%
will
51%
with
51%
it's
49%
It's
49%
But
47%
ever
47%
was
47%
at
46%
get
46%
good
46%
Good
46%
up
45%
could
44%
girl,
44%
(girl)
44%
girl
44%
got
44%
said
44%
I've
43%
night
43%
baby
41%
Baby,
41%
give
41%
look
41%
happy
39%
only
39%
really
39%
man
38%
never
38%
out
38%
way
37%
Well,
35%
car
34%
wanted
34%
(world)
33%
world?
33%
been
32%
ask
31%
guess
31%
healthy,
31%
off
31%
Or
31%
or
31%
without
31%
new
30%
Now
30%
found
29%
you've
29%
cared
28%
everything
28%
f***
28%
wish
28%
took
27%
floor
26%
God,
26%
God
26%
Crying
25%
mind
25%
mind,
25%
better
24%
damn
24%
doing
24%
great
24%
spent
24%
even
23%
Person
23%
brand
22%
easily
22%
met
22%
moved
22%
sociopath
22%
bathroom
20%
couple
20%
getting
20%
lost
20%
weeks
20%
unaffected,
19%
hurt
18%
Remember
18%
happened
17%
maybe
17%
Maybe
17%
screw
17%
therapist
16%
helped
15%
swore
15%
yourself,
15%
emotional
14%
taking
14%
bought
12%
career's
12%
salt
12%
working
12%
wound
12%
apathy's
11%
hace
5%

Score Distribution

Percentile by Number Answered

Percent of People with Each Score

Your Score History

You have not taken this quiz